Founders meeting (Record no. 105694)

MARC details
000 -LEADER
fixed length control field 00660cam a2200181 4500
001 - CONTROL NUMBER
control field ##L134478
008 - FIXED-LENGTH DATA ELEMENTS--GENERAL INFORMATION
fixed length control field 060808n1928 000 0 eng u
035 ## - SYSTEM CONTROL NUMBER
System control number (Sirsi) u134478
041 0# - LANGUAGE CODE
Language code of text/sound track or separate title eng
050 04 - LIBRARY OF CONGRESS CALL NUMBER
Classification number 333.0062 $2 18
110 2# - MAIN ENTRY--CORPORATE NAME
Corporate name or jurisdiction name as entry element Valuers Institution
245 00 - TITLE STATEMENT
Title Founders meeting
Remainder of title 11 December 1928
260 ## - PUBLICATION, DISTRIBUTION, ETC.
Place of publication, distribution, etc. [S.l.]
Name of publisher, distributor, etc. [s.n.]
Date of publication, distribution, etc. 1928
300 ## - PHYSICAL DESCRIPTION
Extent approx 100p.
Dimensions 20cm.
520 ## - SUMMARY, ETC.
Summary, etc. Notebook containing minutes from the inaugural meeting of the Institution on 11 December 1928. Includes minutes from other meetings in 1929, a temporary register of members and press cuttings.
690 ## - LOCAL SUBJECT ADDED ENTRY--TOPICAL TERM (OCLC, RLIN)
Topical term or geographic name as entry element PROPERTY-PROPERTY APPRAISAL AND VALUATION
942 ## - ADDED ENTRY ELEMENTS (KOHA)
Suppress in OPAC 0

No items available.